Practical text-book of plant physiology /

Bibliographic Details
Main Author: MacDougal, Daniel Trembly, 1865-1958
Format: Book
Language:English
Published: New York [etc.] : Longmans, Green, and co., 1901.
Subjects:

MARC

Tag First Indicator Second Indicator Subfields
LEADER 00000cam a2200000 4500
001 in00000047330
005 20151007071427.0
008 741108s1901 nyua 00010 eng u
010 |a  01010879  
035 |a (OCoLC)01069754 
035 |9 AAE5950AM 
040 |c MSC  |d TXA  |d UtOrBLW 
049 |a TXAM  |c [78951] 
050 0 0 |a QK711  |b .M14 
092 |a 581.1  |b M137p 
100 1 |a MacDougal, Daniel Trembly,  |d 1865-1958. 
245 1 0 |a Practical text-book of plant physiology /  |c by Daniel Trembly Macdougal ... 
264 1 |a New York [etc.] :  |b Longmans, Green, and co.,  |c 1901. 
300 |a xiv, 352 pages :  |b illustrations ;  |c 22 cm. 
336 |a text  |b txt  |2 rdacontent 
337 |a unmediated  |b n  |2 rdamedia 
338 |a volume  |b nc  |2 rdacarrier 
650 0 |a Plant physiology. 
999 |a MARS 
999 f f |s 5ea7393f-96b5-3aa0-bb79-b22615ff0e4a  |i 8a2447af-9f8e-3e8c-a2da-054bbda98a2f  |t 0 
952 f f |p ric  |a Texas A&M University  |b Rellis Campus  |c Joint Library Facility  |d Remote Storage  |t 0  |e QK711 .M14  |h Library of Congress classification  |i unmediated -- volume  |m A14800986554 
998 f f |a QK711 .M14  |t 0  |l Remote Storage